[Event "Agneaux St Lo U18 op 3rd"]
[Site "Agneaux"]
[Date "2001.07.09"]
[Round "3"]
[White "Virkanani, Tuomas"]
[Black "Jolly, Jean Francois"]
[Result "1-0"]
[WhiteElo "1500"]
[BlackElo "1880"]
[PlyCount "71"]
[EventDate "2001.07.07"]
[EventType "swiss"]
[EventRounds "9"]
[EventCountry "FRA"]
[SourceTitle "EXT 2002"]
[Source "ChessBase"]
[SourceDate "2001.11.25"]
[SourceVersion "1"]
[SourceVersionDate "2001.11.25"]
[SourceQuality "1"]

1. d4 Nf6 2. Bf4 g6 3. Nf3 Bg7 4. e3 0-0 5. c3 d6 6. Bc4 c6 7. 0-0 Nbd7 8. Nbd2 Qc7 9. Qb3 b5 10. Bxf7+ Rxf7 11. Ng5 Nd5 12. Nxf7 Kxf7 13. e4 N7b6 14. exd5 Nxd5 15. Bg5 h6 16. Bh4 g5 17. Bg3 Be6 18. Qd1 Nf6 19. Re1 h5 20. Nf3 Bh6 21. h4 gxh4 22. Bxh4 Rg8 23. Qd3 Qd7 24. g3 Bc4 25. Qc2 Qg4 26. Bxf6 Kxf6 27. Qh7 Bf8 28. Qe4 Qxe4 29. Rxe4 Bd5 30. Rf4+ Kg6 31. Nh4+ Kh6 32. Re1 e6 33. Rf6+ Kg5 34. Rexe6 Bxe6 35. Rxe6 a5 36. Kg2 1-0